| 000 | 00362nam a22001577a 4500 | ||
|---|---|---|---|
| 003 | SGT | ||
| 020 | _a978-81-265-2422-8 | ||
| 082 |
_a621.3824 _bBAL |
||
| 100 | _aBALANIS,CONSTANTINE.A | ||
| 245 | _aANTEENA THEORY :ANALYSIS AND DESIGN. | ||
| 250 | _a3RD | ||
| 260 |
_aNEW DELHI _bWILEY PUBLICATION _c2017 |
||
| 300 | _a1117 | ||
| 650 | _aECE | ||
| 942 |
_2ddc _cBK |
||
| 999 |
_c14363 _d14363 |
||